000 00533cam a22002171 4500
001 sa 66008043
003 DLC
005 20260227112310.0
008 890612s1966 ii 000 0 urdr
010 _asa 66008043
035 _a(OCoLC)19854795
040 _aDLC
_cWaU
_dDLC
042 _apremarc
050 0 0 _aPK2189
_b.A4
110 2 _aAligarh Muslim University.
_bDepartment of Urdu.
245 1 0 _aUrdū naṣr.
260 _c[1966]
300 _a225 p.
_c19 cm.
500 _aIn Urdu.
650 0 _aUrdu prose literature.
999 _c71604
_d71604